000 00674cab a2200205 4500
001 WB2728-33
008 090401t1991 xxu||||| |||| 00| 0 eng d
035 _a(Sirsi) u40239
041 _aeng
245 _aCity Challenge
260 _c1991
350 _a0
490 _aFinancial Times
_v16 July 1991, 9(1)
520 _aLocal authorities , which have entered the City Challenge scheme, are demonstrating their ability to create partnerships with the private sector and imaginitive renewal schemes to secure the £350m funding .
650 _aINNER CITY REDEVELOPMENT
650 _aJOINT VENTURES
690 _aURBAN RENEWAL
942 _n0
948 _c04/03/1997
999 _c25777
_d25777